| 000 | 01479nam a2200385 a 4500 | ||
|---|---|---|---|
| 001 | ebr10001749 | ||
| 003 | CaPaEBR | ||
| 006 | m u | ||
| 007 | cr cn||||||||| | ||
| 008 | 000601s2000 enk sb 001 0 eng | ||
| 010 | _z 99053537 | ||
| 015 | _aGBA0-38715 | ||
| 016 | 7 |
_a0826212506 _2Uk |
|
| 020 | _z0826212506 : | ||
| 040 |
_aCaPaEBR _cCaPaEBR |
||
| 035 | _a(OCoLC)70735322 | ||
| 050 | 1 | 4 |
_aB395 _b.V8844 1989eb |
| 082 | 0 | 4 |
_a184 _221 |
| 100 | 1 |
_aVoegelin, Eric, _d1901-1985. |
|
| 245 | 1 | 0 |
_aPlato and Aristotle _h[electronic resource] / _cEric Voegelin. |
| 250 |
_a[New ed.] / _bedited and with an introduction by Dante Germino. |
||
| 260 |
_aColumbia, Mo. ; _aLondon : _bUniversity of Missouri Press, _cc2000. |
||
| 300 | _ax, 448 p. | ||
| 490 | 0 |
_aThe collected works of Eric Voegelin: order and history ; _vv.16, 3 |
|
| 500 | _aPrevious ed.: Baton Rouge : Louisiana State University Press, 1957. | ||
| 504 | _aIncludes bibliographical references and index. | ||
| 533 |
_aElectronic reproduction. _bPalo Alto, Calif. : _cebrary, _d2009. _nAvailable via World Wide Web. _nAccess may be limited to ebrary affiliated libraries. |
||
| 600 | 0 | 0 | _aAristotle. |
| 600 | 0 | 0 | _aPlato. |
| 650 | 0 | _aPhilosophy, Ancient. | |
| 655 | 7 |
_aElectronic books. _2local |
|
| 700 | 1 | _aGermino, Dante L. | |
| 710 | 2 | _aebrary, Inc. | |
| 856 | 4 | 0 |
_uhttp://site.ebrary.com/lib/rucke/Doc?id=10001749 _zAn electronic book accessible through the World Wide Web; click to view |
| 999 |
_c4749 _d4749 |
||